[Event "Athens Smaok-ch"]
[Site "Athens"]
[Date "2007.09.26"]
[Round "3.5"]
[White "Katapotis, Mihail"]
[Black "Mbaskas, Vangelis"]
[Result "0-1"]
[WhiteElo "1605"]
[BlackElo "2002"]
[PlyCount "64"]
[EventDate "2007.09.12"]
[EventType "swiss"]
[EventRounds "9"]
[EventCountry "GRE"]
[SourceTitle "EXT 2024"]
[Source "ChessBase"]
[SourceDate "2023.10.10"]
[SourceVersion "1"]
[SourceVersionDate "2023.10.10"]
[SourceQuality "1"]

1. e4 e5 2. Nf3 Nc6 3. Bc4 Be7 4. d4 exd4 5. Nxd4 d6 6. Nc3 Nf6 7. f3 0-0 8. Be3 Ne5 9. Qe2 c5 10. Nb3 a6 11. Bd5 Rb8 12. 0-0 b5 13. Rad1 b4 14. Nb1 Nxd5 15. exd5 Bd7 16. c4 bxc3 17. Nxc3 c4 18. Nc1 Bf6 19. Bd4 Re8 20. Bxe5 Bxe5 21. Qxc4 Rxb2 22. Nd3 Qb6+ 23. Kh1 Rc8 24. Na4 Qb7 25. Qe4 f5 26. Qe1 Bxa4 27. Nxb2 Bxb2 28. Rb1 Rc2 29. Qe6+ Kh8 30. Qxd6 Qc8 31. Qb4 Bb5 32. Rfe1 Bc3 0-1